000 00528nam a22001937a 4500
003 BUBTL
008 161115b xxu||||| |||| 00| 0 eng d
020 _a978-81-203-2458-9
082 _a629.892MUI
100 _9924
_aMurphy,Robin R.
245 _aIntroduction to AI Robotics
260 _aDelhi
_bPHI Learning
_cc2013
300 _a[xix],466p.
_bills.
_c23cm.
650 0 _9926
_aTextile Engineering
700 _9925
_aMurphy,Robin R.
856 _k0
_l0
_yDownload
942 _2ddc
_cBK
999 _c5382
_d5382